000 01044nam a22002537a 4500
999 _c543
_d543
005 20190821092929.0
008 190821b ||||| |||| 00| 0 eng d
020 _a9781416925071
040 _cKH8
082 _aFIC HEA
100 _aHearn, Julie
245 _aIvy :
_ba novel /
_cJulie Hearn
260 _aNew York :
_bSimon Pulse,
_c2009.
300 _a355 pages ;
_c21 cm
500 _a"Ginee seo books."
520 _aIn mid-nineteenth-century London, young, mistreated, and destitute Ivy, whose main asset is her beautiful red hair, comes to the attention of an aspiring painter of the pre-Raphaelite school of artists who, with the connivance of Ivy's unsavory family, is determined to make her his model and muse.
650 _aAssertiveness (Psychology)
_vFiction.
650 _aArtists
_vFiction.
650 _aDrug abuse
_v Fiction.
650 _aCriminals
_vFiction.
650 _aLondon (England)
_vHistory
_x19th century
_yFiction.
650 _aGreat Britain
_vHistory
_xVictoria, 1837-1901
_yFiction.
942 _2ddc
_cFIC